|
|
|
|
| LEADER |
03401nam a2200589 4500 |
| 001 |
978-3-030-31038-7 |
| 003 |
DE-He213 |
| 005 |
20191022082517.0 |
| 007 |
cr nn 008mamaa |
| 008 |
190911s2019 gw | s |||| 0|eng d |
| 020 |
|
|
|a 9783030310387
|9 978-3-030-31038-7
|
| 024 |
7 |
|
|a 10.1007/978-3-030-31038-7
|2 doi
|
| 040 |
|
|
|d GrThAP
|
| 050 |
|
4 |
|a QA76.9.L63
|
| 050 |
|
4 |
|a QA76.5913
|
| 072 |
|
7 |
|a UM
|2 bicssc
|
| 072 |
|
7 |
|a COM051000
|2 bisacsh
|
| 072 |
|
7 |
|a UM
|2 thema
|
| 072 |
|
7 |
|a UYF
|2 thema
|
| 082 |
0 |
4 |
|a 005.1015113
|2 23
|
| 245 |
1 |
0 |
|a Unifying Theories of Programming
|h [electronic resource] :
|b 7th International Symposium, UTP 2019, Dedicated to Tony Hoare on the Occasion of His 85th Birthday, Porto, Portugal, October 8, 2019, Proceedings /
|c edited by Pedro Ribeiro, Augusto Sampaio.
|
| 250 |
|
|
|a 1st ed. 2019.
|
| 264 |
|
1 |
|a Cham :
|b Springer International Publishing :
|b Imprint: Springer,
|c 2019.
|
| 300 |
|
|
|a XIV, 217 p. 932 illus., 30 illus. in color.
|b online resource.
|
| 336 |
|
|
|a text
|b txt
|2 rdacontent
|
| 337 |
|
|
|a computer
|b c
|2 rdamedia
|
| 338 |
|
|
|a online resource
|b cr
|2 rdacarrier
|
| 347 |
|
|
|a text file
|b PDF
|2 rda
|
| 490 |
1 |
|
|a Theoretical Computer Science and General Issues ;
|v 11885
|
| 505 |
0 |
|
|a Unification Approaches -- Hybrid Models -- Concurrency.
|
| 520 |
|
|
|a This volume contains papers presented at UTP 2019, the 7th International Symposium on Unifying Theories of Programming, held in Porto, Portugal, on the 8th of October 2019. This edition of the UTP symposium is in honor of Sir Tony Hoare, on the occasion of his 85th birthday. The papers contained in this volume were invited, and friendly refereed, original contributions sought from the UTP community. One of the papers is from the distinguished invited speaker Tony Hoare himself. Nine other additional papers compose this volume, covering several aspects of Unifying Theories of Programming.
|
| 650 |
|
0 |
|a Computer logic.
|
| 650 |
|
0 |
|a Programming languages (Electronic computers).
|
| 650 |
|
0 |
|a Software engineering.
|
| 650 |
|
0 |
|a Computer science-Mathematics.
|
| 650 |
|
0 |
|a Computer organization.
|
| 650 |
1 |
4 |
|a Logics and Meanings of Programs.
|0 http://scigraph.springernature.com/things/product-market-codes/I1603X
|
| 650 |
2 |
4 |
|a Programming Languages, Compilers, Interpreters.
|0 http://scigraph.springernature.com/things/product-market-codes/I14037
|
| 650 |
2 |
4 |
|a Software Engineering.
|0 http://scigraph.springernature.com/things/product-market-codes/I14029
|
| 650 |
2 |
4 |
|a Mathematics of Computing.
|0 http://scigraph.springernature.com/things/product-market-codes/I17001
|
| 650 |
2 |
4 |
|a Computer Systems Organization and Communication Networks.
|0 http://scigraph.springernature.com/things/product-market-codes/I13006
|
| 700 |
1 |
|
|a Ribeiro, Pedro.
|e editor.
|0 (orcid)0000-0003-4319-4872
|1 https://orcid.org/0000-0003-4319-4872
|4 edt
|4 http://id.loc.gov/vocabulary/relators/edt
|
| 700 |
1 |
|
|a Sampaio, Augusto.
|e editor.
|4 edt
|4 http://id.loc.gov/vocabulary/relators/edt
|
| 710 |
2 |
|
|a SpringerLink (Online service)
|
| 773 |
0 |
|
|t Springer eBooks
|
| 776 |
0 |
8 |
|i Printed edition:
|z 9783030310370
|
| 776 |
0 |
8 |
|i Printed edition:
|z 9783030310394
|
| 830 |
|
0 |
|a Theoretical Computer Science and General Issues ;
|v 11885
|
| 856 |
4 |
0 |
|u https://doi.org/10.1007/978-3-030-31038-7
|z Full Text via HEAL-Link
|
| 912 |
|
|
|a ZDB-2-SCS
|
| 912 |
|
|
|a ZDB-2-LNC
|
| 950 |
|
|
|a Computer Science (Springer-11645)
|